000
00426nam a22001697a 4500
003
MPLRDC
005
20220104114147.0
008
210129b ||||| |||| 00| 0 eng d
082
_a
812.8 MQQ
100
_a
毛庆其选编
245
_a
台湾学者中国文学批评论文选
_c
250
_a
一版一刷
260
_a
_b
人民文学出版社
_c
1986
300
_b
平
650
_a
杂文学论
942
_c
BK
_o
812.8 MQQ
999
_c
5297
_d
5287